| 000 | 01318nam0a22003011 4500 | ||
|---|---|---|---|
| 001 | v19\rc\1686195 | ||
| 005 | 20260406085827.0 | ||
| 035 | _a(NLR Aleph) 004791031 | ||
| 090 |
_a4729370 _c4729370 |
||
| 100 | _a20061002e18961895|||y0rusy50 ca | ||
| 101 | 0 | _arus | |
| 102 | _aRU | ||
| 105 | _ay z ||||| | ||
| 200 | 1 |
_aНесколько данных о мишарях и селениях их в Казанской и Симбирской губерниях _fВ.К. Магницкий |
|
| 210 |
_aКазань _cтипо-лит. Ун-та _d1896 |
||
| 215 |
_a15 с. _d25 |
||
| 311 | _aОтт. из 13 т. "Изв. О-ва археологии, истории и этнографии" за 1895 г. | ||
| 488 | 0 |
_12001#$aИзвестия Общества археологии, истории и этнографии$v1895, т. 13 _tИзвестия Общества археологии, истории и этнографии |
|
| 700 | 1 |
_7ca _8rus _aМагницкий _bВ. К. _f1839-1901 _gВасилий Константинович _3RU\NLR\AUTH\770280414 _92652381 |
|
| 801 | 0 |
_aRU _bNLR _gpsbo |
|
| 801 | 0 |
_aRU _bRuMoRGB _2psbo |
|
| 801 | 1 |
_aRU _bProSoft-M _2rusmarc |
|
| 852 |
_aNLR _j20.95.2.59 |
||
| 899 |
_aRuMoRGB _jA 238/1636 |
||
| 899 |
_aRuMoRGB _jU 318/312 |
||
| 899 | _aБАН | ||
| 942 | _cBOOK | ||
| 980 | _aNB | ||